| 000 | nam a22 a 4500 | ||
|---|---|---|---|
| 999 |
_c444336 _d444336 |
||
| 003 | BLK | ||
| 005 | 20220209144357.0 | ||
| 008 | 220209b bu |||||r|||| 00| | bu d | ||
| 040 | _aBLK | ||
| 041 |
_aBUL _cBUL |
||
| 080 |
_aРуска литература _b821.161.1 _x-4 _z821.161.1-4 |
||
| 139 | _aГерои на Съветския съюз | ||
| 245 | _aГерои на Съветския съюз | ||
| 260 |
_9219645 _aСофия _bПолит. управл. на войската _c1949 |
||
| 300 |
_a140 с. _c14 см |
||
| 380 | _aX | ||
| 490 |
_9205466 _aВойнишка библиотека _vГ. V, 5/6 |
||
| 852 |
_aЦб I 1739 _bО |
||
| 942 |
_cKNG _n0 _s1 |
||
| 944 |
_aCR _c2022-02-09 _kХристина Везирева |
||